00930nam a22002537a 4500003000800000005001700008008004100025040002800066041000800094082002400102100001900126245007900145246001800224260005600242300002000298490003500318490005800353500006400411600006200475650003600537651002900573651004600602700002800648MIRAKIL20201202114845.0201202b tu ||||| |||| 00| 0 tur d aTR-AnCHPbturcTR-AnCHP atur a956.1024bG35m 1983 aGenziton, Paul aMustafa Kemal ve uyanan Doğu/cPaul Genziton ; çeviren Fethi Ülkü. aUyanan Doğu aAnkara:bKültür ve Turizm Bakanlığı,c1983. a270 s.:c20 sm. aTercüme eserler dizisi;v19. aKültür ve Turizm Bakanlığı Yayınları;v563. aÖzgün yapıt adı: Mustopha Kemal ou l'Orient en Marche aAtatürk, Mustafa Kemald1881-1938xAtatürk devrimleri aAtatürkçülükxİlkeler aTürkiyexSiyasal tarih aTürkiyexYeniden yapılanma (1914-1939) aÜlkü, Fethieçev.